Stone roofing (Record no. 103739)

MARC details
000 -LEADER
fixed length control field 01401cam a2200265 4500
001 - CONTROL NUMBER
control field ##L127330
008 - FIXED-LENGTH DATA ELEMENTS--GENERAL INFORMATION
fixed length control field 040913n2003 000 0 eng u
020 ## - INTERNATIONAL STANDARD BOOK NUMBER
International Standard Book Number 1902916328
022 ## - INTERNATIONAL STANDARD SERIAL NUMBER
International Standard Serial Number 14618613
035 ## - SYSTEM CONTROL NUMBER
System control number (Sirsi) u127330
041 ## - LANGUAGE CODE
Language code of text/sound track or separate title eng
245 00 - TITLE STATEMENT
Title Stone roofing
Remainder of title conserving the materials and practice of traditional stone slate roofing in England.
260 ## - PUBLICATION, DISTRIBUTION, ETC.
Place of publication, distribution, etc. London
Name of publisher, distributor, etc. James and James
Date of publication, distribution, etc. 2003
300 ## - PHYSICAL DESCRIPTION
Extent x,156p.
Other physical details ill
Dimensions 30cm.
350 ## - PRICE (NR) (BK AM CF MU VM SE) [OBSOLETE]
Price 30
490 #0 - SERIES STATEMENT
Series statement English Heritage Research Transactions
Volume/sequential designation 9
490 #0 - SERIES STATEMENT
Series statement Research and Case Studies in Architectural Transactions
505 2# - FORMATTED CONTENTS NOTE
Formatted contents note Saving England's stone slate roofs: a model for the revival and enhancement of the stone slate roofing industry in the South Pennines -- Stone roofing in England -- Sourcing new stone slates and reroofing the nave of Pitchford Church, Shropshire: the stages of work and decisions that culminated in the reroofing of the nave of St Michael's and All Angels Church, Pitchford, Shropshire,
520 ## - SUMMARY, ETC.
Summary, etc. Report on the traditional slates found on some of England's most attractictive and historically important buildings. Includes: Introduction, by Chris Wood, p. viii-x; Includes bibliography and references.
690 ## - LOCAL SUBJECT ADDED ENTRY--TOPICAL TERM (OCLC, RLIN)
Topical term or geographic name as entry element BUILT ENVIRONMENT-BUILDING ELEMENTS-COMPLETE BUILDING ELEMENTS-ROOFS
700 1# - ADDED ENTRY--PERSONAL NAME
Personal name Wood, Chris
700 1# - ADDED ENTRY--PERSONAL NAME
Personal name Macdonald, Susan
700 1# - ADDED ENTRY--PERSONAL NAME
Personal name Hughes, Terry
942 ## - ADDED ENTRY ELEMENTS (KOHA)
Suppress in OPAC 0
Holdings
Withdrawn status Lost status Source of classification or shelving scheme Damaged status Not for loan Home library Current library Shelving location Date acquired Cost, normal purchase price Total Checkouts Full call number Barcode Date last seen Date last checked out Copy number Cost, replacement price Price effective from Koha item type
    Dewey Decimal Classification     London London Folio 08/12/2005 30.00 3 F695 ENG 30070606 06/08/2019 12/02/2009 1 30.00 06/08/2019 Book